000
00301nam a22001217a 4500
020
_a
007212220x
082
_2
22
_a
005.72
100
_a
St. Laurent, Simon.
245
_a
XML elements of style /
260
_a
New York,
_b
McGraw Hill,
_c
c2000.
300
_a
xiii, 298p. ;
_b
ill. ;
_c
23 cm.
942
_2
ddc
_c
IT
999
_c
1856
_d
1856